Technologie inženýrských staveb II. /
Gespeichert in:
| 1. Verfasser: | |
|---|---|
| Format: | Buch |
| Sprache: | Tschechisch |
| Veröffentlicht: |
Praha :
České vysoké učení technické v Praze,
1992
|
| Tags: |
Keine Tags, Fügen Sie das erste Tag hinzu!
|
MARC
| LEADER | 00000nam a22000003a 4500 | ||
|---|---|---|---|
| 001 | stu26730 | ||
| 005 | 20180328144443.3 | ||
| 008 | 920622s1992----cs------------------cze-d | ||
| 020 | |a 80-01-00797-9 | ||
| 040 | |a STU |b slo | ||
| 041 | 0 | |a cze | |
| 044 | |a cs | ||
| 100 | 1 | |a Vávra, Ivo |4 aut |X 5391 |7 A000005391 | |
| 245 | 1 | |a Technologie inženýrských staveb II. / |c [aut]Vávra,Ivo | |
| 260 | |a Praha : |b České vysoké učení technické v Praze, |c 1992 | ||
| 300 | |a 141 s | ||
| 996 | |b 284V029502 |c V*34429/S-92 |l VVT |s A |a 24 |w stu26730_0001 | ||